| 000 | 00574nam a2200181Ia 4500 | ||
|---|---|---|---|
| 999 |
_c13382 _d13382 |
||
| 003 | OSt | ||
| 005 | 20201023122125.0 | ||
| 008 | 190216s9999||||xx |||||||||||||| ||und|| | ||
| 020 | _a33300782 | ||
| 040 | _coclc | ||
| 082 |
_a823.8 _bHAR/U |
||
| 100 |
_aHardy, Thomas _94826 |
||
| 245 | 0 |
_aUnder The Green Wood Tree Or The Mellstock Quire : _bA Rural Painting of the Dutch School / _cThomas Hardy |
|
| 260 |
_bMacmillan, _c1971. _anew york: |
||
| 300 | _a204p | ||
| 650 | _aEnglish Novel-English Novel | ||
| 942 |
_cBK _2ddc _h823.8 _iHAR/U _k823.8 _mHAR/U |
||